logo

Bir Sreshtho Munshi Abdur Rouf Library
Jhenaidah Cadet College

পালোমিনো মোলেরোকে খুন করল কে ?/ (Record no. 445)

MARC details
000 -LEADER
fixed length control field 00660nam a2200217 a 4500
001 - CONTROL NUMBER
JCCL Control Number 445
003 - CONTROL NUMBER IDENTIFIER
JCCL marc code BD-JhCC
005 - DATE AND TIME OF LATEST TRANSACTION
control field 20171015164014.0
008 - FIXED-LENGTH DATA ELEMENTS--GENERAL INFORMATION
fixed length control field 171005b2012 bg ||||| |||| 00| 0 ben d
020 ## - INTERNATIONAL STANDARD BOOK NUMBER
International Standard Book Number 9789848765883
035 ## - SYSTEM CONTROL NUMBER
system control number (BD-JhCC) 445
040 ## - CATALOGING SOURCE
Original cataloging agency BD-JhCC
Modifying agency BD-JhCC
041 ## - LANGUAGE CODE
Language code of Book ben
082 ## - DEWEY DECIMAL CLASSIFICATION NUMBER
Classification number 823.92
Author mark and Year SHO 2012
100 ## - MAIN ENTRY--PERSONAL NAME
Personal name য়োসা, মারিয়ো বার্গাস
245 ## - TITLE STATEMENT
Title পালোমিনো মোলেরোকে খুন করল কে ?/
Statement of responsibility, etc মারিয়ো বার্গাস য়োসা
300 ## - PHYSICAL DESCRIPTION
Pagination 144 p. ;
Dimensions 22 cm
650 ## - SUBJECT ADDED ENTRY--TOPICAL TERM
Topical term or geographic name as entry element Serial Murders
942 ## - ADDED ENTRY ELEMENTS (KOHA)
Source of classification or shelving scheme Dewey Decimal Classification
Koha item type Books
Holdings
Source of classification or shelving scheme Damaged status Not for loan Home library Current library Shelving location Date of accession Cost, normal purchase price Total Checkouts Full call number Barcode Date last seen Copy number Koha item type
Dewey Decimal Classification     JCC Rouf Library JCC Rouf Library General Stacks 10/05/2017 240.00   823.92 SHO 2012 1274 10/05/2017 C-1 Books

JCC Library | Contacts | JCC Home

Last Update on 23 September 2017
Copyright @ 2017-2020 JCC Rouf Library
Rouf Library, Jhenidah Cadet College (JCC), Bangladesh